Normal view
MARC view
- تاليف أبو عليان، عزمي عبد محمد
Entry Personal Name
001 - CONTROL NUMBER
- control field: 15512
003 - CONTROL NUMBER IDENTIFIER
- control field: JO-AjAnu
005 - DATE AND TIME OF LATEST TRANSACTION
- control field: 20230606072756.0
008 - FIXED-LENGTH DATA ELEMENTS
- fixed length control field: 230606|| aca||aabn | a|a d
040 ## - CATALOGING SOURCE
- Original cataloging agency: JO-AjAnu
- Transcribing agency: JO-AjAnu
100 ## - HEADING--PERSONAL NAME
- Personal name: تاليف أبو عليان، عزمي عبد محمد
670 ## - SOURCE DATA FOUND
- Source citation: Work cat.: (JO-AjAnu)7967: تاليف أبو عليان، عزمي عبد محمد, author, مسيرة الجهاد الإسلامي ضد الصليبيين في عهد المماليك 648-922ه/1250-1517م